1499 1408 1517 1550 1319 1481 1601 1219 1023 1412 1274 1468 1007 1865 1345 1254 1926 1668 1484 1958 1783 1207 1489 1760 1271 1352 1266 1060 1874 1536 1065 1063 1453 1433 1949 1741 1829 1114 1374 1830 1047 1191 1002 1588 1177 1095 1914 1234 1890 1304 1058 1570 1992 1204 1559 1012 1217 1920 1456 1095 1631 1876 1349 1912 1777 1076 1260 1722 1329 1618 1962 1495 1835 1398 1922 1924 1684 1098 1909 1271 1226 1521 1993 1738 1170 1210 1988 1310 1119 1111 1200 1594 1835 1918 1702 1429 1535 1414 1194 BCNSPRNW ULIB Ver.6.0+V

เปลี่ยนเป็นภาษาไทย

Change to English
 แสดงรายละเอียดบรรณานุกรม
  กลับหน้าหลัก

Brief Record : Get Marc (ISO 2709) : E-mail record : QR code < ปิดหน้าต่าง
LEADER : 00000nam 2200000uu 4500
001    13399121106
003     ULIB
008    020711s2546 th a 000 0 tha d
050  4 LB^bส181ย
100    พรชุลี อาชวอำรุง
245    ยุทธศาสตร์การพัฒนาองค์กร ของ สถาบันพระบรมราชชนก/^cพรชุลี อาชวอำรุง
250    พิมพ์ครั้งที่ 1
260    กรุงเทพฯ :^bสภาบันพระบรมราชชนก กระทรวงสาธารณสุข,^c2546
300    255 หน้า
945    ^p0^l0^i12491
945    ^p0^l0^i12492
999    ^aทศพร เกษรทอง
รายการนี้ยังไม่มีแท็ก
คุณยังไม่ได้ล็อกอิน คุณสามารถมีกิจกรรมร่วมกับเว็บไซต์ได้ แต่ต้องล็อกอินก่อน ::
  ล็อกอิน

รายการสื่อสารสนเทศ

ลำดับที่ ประเภท เลขเรียก/บาร์โค้ด สถานที่ สถานะ
1. วิทยาศาสตร์การแพทย์ และสุขภาพ
วิทยาศาสตร์การแพทย์ และสุขภาพ
LB ส181ย  
  Barcode: 12491
ห้องสมุดวิทยาเขตสวรรค์ประชารักษ์
►หนังสือทั่วไป
บนชั้น
2. วิทยาศาสตร์การแพทย์ และสุขภาพ
วิทยาศาสตร์การแพทย์ และสุขภาพ
LB ส181ย ฉ.2 
  Barcode: 12492
ห้องสมุดวิทยาเขตสวรรค์ประชารักษ์
►หนังสือทั่วไป
บนชั้น

BibComment


ยังไม่เคยถูกคอมเมนท์

คอมเมนท์ทรัพยากรรายการนี้
  คอมเมนท์: ยุทธศาสตร์การพัฒน..


 Copyright 2026. Bcnsprnw @Library